000 00302 a2200157 4500
001 59043
020 _a8586268232
040 _cAnchieta - Pituba
100 _aNeves, Juvenal
240 1 0 _aVilarejo
_lpor
245 1 0 _aVilarejo
300 _a122
362 0 _a2001
650 4 _aBahia
942 _cBK
999 _c59043
_d59043